[Event "Montcalm V 2009-10"]
[Site "Quebec CAN"]
[Date "2010.03.04"]
[Round "3"]
[White "Dube, Daniel"]
[Black "Bergeron, Marc"]
[Result "0-1"]
[WhiteElo "1868"]
[BlackElo "2041"]
[PlyCount "116"]
[EventDate "2010.02.18"]
[EventType "tourn"]
[EventRounds "5"]
[EventCountry "CAN"]

1. e4 Nc6 2. Nf3 d6 3. d4 Nf6 4. Nc3 Bg4 5. d5 Nb8 6. Be3 g6 7. h3 Bxf3 8. Qxf3
Bg7 9. Bd4 O-O 10. O-O-O c5 11. Be3 Nbd7 12. g4 Qa5 13. Bf4 a6 14. Qe3 Rfc8 15.
Bg5 b5 16. Kb1 Ne5 17. f4 Nc4 18. Bxc4 bxc4 19. e5 Rab8 20. Ka1 Nd7 21. Ne4
dxe5 22. f5 Qb4 23. Qc3 f6 24. Be3 Qxc3 25. bxc3 Rb5 26. d6 Kf7 27. dxe7 Kxe7
28. Nd6 Rc6 29. Nxb5 axb5 30. Rd5 Rd6 31. Rhd1 Rxd5 32. Rxd5 Kd8 33. Bxc5 Kc7
34. Be3 Kc6 35. Rd1 g5 36. h4 h6 37. hxg5 fxg5 38. a3 Nf6 39. Rg1 Nd5 40. Bd2
e4 41. Re1 Nxc3 42. Be3 Kd5 43. f6 Bxf6 44. Rf1 Be5 45. Bd2 e3 46. Be1 Ne4+ 47.
Kb1 Bf4 48. Rh1 e2 49. Rxh6 Nd2+ 50. Kb2 Nf3 51. Rh1 Ke4 52. Kc3 Nxe1 53. Rxe1
Ke3 54. Kb4 Bd6+ 55. Kxb5 Bxa3 56. Kxc4 Kd2 57. Rxe2+ Kxe2 58. Kd4 Kf3 0-1

[Event "Montcalm V 2009-10"]
[Site "Quebec CAN"]
[Date "2010.03.11"]
[Round "4"]
[White "Chiffot, Nicolas"]
[Black "Bonneau, Daniel"]
[Result "1-0"]
[WhiteElo "1945"]
[BlackElo "1982"]
[PlyCount "59"]
[EventDate "2010.02.18"]
[EventType "tourn"]
[EventRounds "5"]
[EventCountry "CAN"]

1. e4 e6 2. d3 d5 3. Nd2 c5 4. Ngf3 Nc6 5. g3 g6 6. Bg2 Bg7 7. O-O Nge7 8. Re1
O-O 9. c3 Qc7 10. Nf1 b5 11. exd5 Nxd5 12. Ne3 Nb6 13. Ng4 e5 14. Ng5 Bxg4 15.
Qxg4 Rae8 16. Qh4 h6 17. Ne4 Ne7 18. Nf6+ Bxf6 19. Qxf6 Nf5 20. Qc6 Qxc6 21.
Bxc6 Re6 22. Bxb5 g5 23. a4 a5 24. Bd2 Nd6 25. Bc6 Ndc4 26. dxc4 Rxc6 27. b3
Rd8 28. Bc1 f6 29. f4 gxf4 30. gxf4 1-0

[Event "Montcalm V 2009-10"]
[Site "Quebec CAN"]
[Date "2010.03.11"]
[Round "4"]
[White "Deschenes, Andre-Philippe"]
[Black "Bourassa, Andre"]
[Result "0-1"]
[WhiteElo "1133"]
[BlackElo "1774"]
[PlyCount "70"]
[EventDate "2010.02.18"]
[EventType "tourn"]
[EventRounds "5"]
[EventCountry "CAN"]

1. e4 c5 2. Nf3 d6 3. g3 Nc6 4. Bg2 Nf6 5. d3 e5 6. c3 Be7 7. O-O O-O 8. Nbd2
Ne8 9. a4 f5 10. Nc4 Be6 11. Qb3 fxe4 12. dxe4 Na5 13. Qb5 Bxc4 14. Qxc4+ Nxc4
15. b3 Na5 16. Rb1 Nc7 17. Be3 Qe8 18. c4 Nc6 19. Bd2 Qh5 20. Nh4 Bxh4 21. gxh4
Qxh4 22. f3 Ne6 23. Be3 Nf4 24. Bxf4 Rxf4 25. Rbd1 Nd4 26. Rd3 Raf8 27. a5 Ne2+
28. Kh1 Ng3+ 29. Kg1 Nxf1 30. Kxf1 Rxe4 31. Rd1 Re3 32. Rc1 Rfxf3+ 33. Kg1 Qf2+
34. Kh1 Re1+ 35. Bf1 Qxf1# 0-1

[Event "Montcalm V 2009-10"]
[Site "Quebec CAN"]
[Date "2010.03.11"]
[Round "4"]
[White "Gras, Guillaume"]
[Black "Bergeron, Marc"]
[Result "1-0"]
[WhiteElo "2113"]
[BlackElo "2041"]
[PlyCount "67"]
[EventDate "2010.02.18"]
[EventType "tourn"]
[EventRounds "5"]
[EventCountry "CAN"]

1. e4 Nc6 2. b3 Nf6 3. Nc3 d5 4. exd5 Nxd5 5. Bc4 Nxc3 6. Qf3 e6 7. Qxc3 Qd4 8.
Bb2 Qxc3 9. Bxc3 Bb4 10. Bb2 e5 11. Nf3 O-O 12. Nxe5 Nxe5 13. Bxe5 Re8 14. f4
Bg4 15. h3 Bf5 16. O-O-O c6 17. Rhe1 Rad8 18. g4 Bc8 19. c3 Ba3+ 20. Kc2 b5 21.
Bf1 Be6 22. Bg2 Bd5 23. Bxd5 Rxd5 24. Bd4 Rxe1 25. Rxe1 a5 26. b4 f6 27. Bc5 h5
28. Re3 Rd7 29. Re6 hxg4 30. hxg4 axb4 31. cxb4 Bxb4 32. Bxb4 Rd4 33. Kb3 Rxf4
34. g5 1-0

[Event "Montcalm V 2009-10"]
[Site "Quebec CAN"]
[Date "2010.03.11"]
[Round "4"]
[White "Lessard, Claude"]
[Black "Caire, Francois"]
[Result "1-0"]
[WhiteElo "2087"]
[BlackElo "2220"]
[PlyCount "71"]
[EventDate "2010.02.18"]
[EventType "tourn"]
[EventRounds "5"]
[EventCountry "CAN"]

1. e4 e5 2. Nf3 Nc6 3. Bb5 a6 4. Bxc6 dxc6 5. O-O Qd6 6. d3 Be6 7. Be3 f6 8.
Nbd2 g5 9. Nb3 O-O-O 10. Nc5 h5 11. b4 h4 12. Qc1 g4 13. Nd2 Bh6 14. Ndb3 b6
15. Qa3 a5 16. Nxe6 Qxe6 17. bxa5 Bxe3 18. fxe3 Qd6 19. Qxd6 Rxd6 20. axb6 cxb6
21. a4 Ne7 22. a5 b5 23. a6 Kc7 24. d4 Kb6 25. c3 Ka7 26. Nc5 Rh5 27. Nb7 Re6
28. Nc5 Rd6 29. Rfb1 exd4 30. exd4 Nc8 31. Rf1 Nb6 32. Rf4 b4 33. e5 fxe5 34.
Rf7+ Ka8 35. a7 Rh8 36. dxe5 1-0

[Event "Montcalm V 2009-10"]
[Site "Quebec CAN"]
[Date "2010.03.18"]
[Round "5"]
[White "Bergeron, Marc"]
[Black "Caire, Francois"]
[Result "1/2-1/2"]
[WhiteElo "2041"]
[BlackElo "2220"]
[PlyCount "67"]
[EventDate "2010.02.18"]
[EventType "tourn"]
[EventRounds "5"]
[EventCountry "CAN"]

1. e4 c5 2. Nf3 Nc6 3. d4 cxd4 4. Nxd4 Nf6 5. Nc3 e5 6. Ndb5 d6 7. Nd5 Nxd5 8.
exd5 Nb8 9. c4 Be7 10. Bd3 O-O 11. O-O Nd7 12. Be3 a6 13. Nc3 f5 14. f3 b6 15.
b4 Bb7 16. Qc2 g6 17. Bh6 Rf7 18. g4 Bg5 19. Bxg5 Qxg5 20. Kh1 fxg4 21. Ne4 Qe7
22. fxg4 Raf8 23. g5 b5 24. Rxf7 Qxf7 25. Kg1 bxc4 26. Bxc4 Bxd5 27. Nxd6 Qf3
28. Bxd5+ Qxd5 29. Qb3 Qxb3 30. axb3 Rb8 31. Rxa6 Rxb4 32. Ra8+ Nf8 33. Re8
Rxb3 34. Rxe5 1/2-1/2

[Event "Montcalm V 2009-10"]
[Site "Quebec CAN"]
[Date "2010.03.18"]
[Round "5"]
[White "Bonneau, Daniel"]
[Black "Bourassa, Andre"]
[Result "1-0"]
[WhiteElo "1982"]
[BlackElo "1774"]
[PlyCount "99"]
[EventDate "2010.02.18"]
[EventType "tourn"]
[EventRounds "5"]
[EventCountry "CAN"]

1. e4 c5 2. Nf3 d6 3. d4 cxd4 4. Nxd4 Nf6 5. Nc3 a6 6. Bc4 Nc6 7. Nxc6 bxc6 8.
e5 Nd7 9. exd6 exd6 10. O-O Be7 11. Bf4 Nf6 12. Re1 d5 13. Bb3 O-O 14. h3 Be6
15. Qf3 Nd7 16. Na4 Nc5 17. Nxc5 Bxc5 18. Qg3 Qf6 19. c3 Qg6 20. Qxg6 hxg6 21.
Ba4 Rfc8 22. b4 Bb6 23. Bc2 Re8 24. Be5 Bd7 25. Bd4 Rxe1+ 26. Rxe1 Bxd4 27.
cxd4 Kf8 28. Kf1 a5 29. bxa5 Rxa5 30. Bb3 Ra7 31. Ke2 Ke7 32. Kd3+ Kd6 33. Rc1
Bf5+ 34. Kd2 Rb7 35. Rc5 Rb5 36. Rxb5 cxb5 37. Kc3 Kc6 38. Kb4 Bd3 39. g3 g5
40. Bd1 g6 41. Ka5 Bf1 42. h4 gxh4 43. gxh4 Bd3 44. h5 gxh5 45. Bxh5 f6 46.
Be8+ Kb7 47. Bxb5 Bb1 48. a3 Bc2 49. Kb4 Kb6 50. a4 1-0

[Event "Montcalm V 2009-10"]
[Site "Quebec CAN"]
[Date "2010.03.18"]
[Round "5"]
[White "Chiffot, Nicolas"]
[Black "Gras, Guillaume"]
[Result "1/2-1/2"]
[WhiteElo "1945"]
[BlackElo "2113"]
[PlyCount "61"]
[EventDate "2010.02.18"]
[EventType "tourn"]
[EventRounds "5"]
[EventCountry "CAN"]

1. e4 e5 2. Nf3 d6 3. d4 Nd7 4. Bc4 c6 5. dxe5 dxe5 6. Ng5 Nh6 7. Qf3 Qf6 8.
Qxf6 gxf6 9. Nf3 b5 10. Bb3 Nc5 11. Nbd2 Rg8 12. Kf1 a5 13. c3 Nd3 14. Bc2 Nf4
15. Nh4 Rg4 16. Ndf3 Ba6 17. b4 axb4 18. g3 b3 19. Bxb3 Nd3 20. h3 Rxe4 21.
Bxh6 Bxh6 22. Nf5 Bf8 23. Nd2 Nc5 24. Nxe4 Nxe4 25. Kg2 Bb7 26. Rhd1 Nxc3 27.
Rd3 b4 28. Kg1 Bc5 29. Nd6+ Bxd6 30. Rxd6 Ke7 31. Rd2 1/2-1/2

[Event "Montcalm V 2009-10"]
[Site "Quebec CAN"]
[Date "2010.03.18"]
[Round "5"]
[White "Marquis, Paul"]
[Black "Auger, Bertrand"]
[Result "1-0"]
[WhiteElo "1939"]
[BlackElo "1842"]
[PlyCount "101"]
[EventDate "2010.02.18"]
[EventType "tourn"]
[EventRounds "5"]
[EventCountry "CAN"]

1. e4 e6 2. d3 d5 3. Nd2 Nf6 4. g3 c5 5. Bg2 Nc6 6. Ngf3 Be7 7. O-O b6 8. Re1
Bb7 9. e5 Nd7 10. Qe2 Qc7 11. Nf1 h6 12. c4 d4 13. h4 g6 14. N1h2 O-O-O 15. Ng4
Bf8 16. Bf4 Bg7 17. a3 Rdg8 18. b4 Bf8 19. bxc5 Nxc5 20. Nf6 Nd7 21. Nxg8 Rxg8
22. g4 Nf6 23. Nd2 Nd7 24. Bg3 g5 25. h5 Bg7 26. Nf3 Nc5 27. Nd2 Nd7 28. Nf3
Nc5 29. Rad1 Rd8 30. Nd2 Na4 31. Nb1 Nc3 32. Nxc3 dxc3 33. Rc1 Nd4 34. Qe3 Bxg2
35. Kxg2 c2 36. f3 Bf8 37. Ra1 Nb3 38. Qe2 Qb7 39. Bf2 c1=Q 40. Rexc1 Nxc1 41.
Rxc1 Bxa3 42. Ra1 Bb4 43. d4 Bc3 44. Rd1 Qc6 45. Qd3 Qa4 46. Rc1 Bb2 47. Rc2
Ba1 48. Qd2 Qd7 49. c5 b5 50. c6 Qd5 51. Qa5 1-0

[Event "Montcalm VI 2009-10"]
[Site "Quebec CAN"]
[Date "2010.03.25"]
[Round "1"]
[White "Auger, Bertrand"]
[Black "Arteau, Benoit"]
[Result "1-0"]
[WhiteElo "1885"]
[BlackElo "1840"]
[PlyCount "69"]
[EventDate "2010.03.25"]
[EventType "tourn"]
[EventRounds "5"]
[EventCountry "CAN"]

1. Nf3 d5 2. c4 e6 3. g3 Nf6 4. Bg2 Be7 5. O-O O-O 6. b3 c5 7. cxd5 exd5 8. d4
Ne4 9. Bb2 Be6 10. Nc3 Nxc3 11. Bxc3 Nc6 12. Rc1 cxd4 13. Nxd4 Bf6 14. Nxc6
bxc6 15. Bxf6 Qxf6 16. Rxc6 Qb2 17. Rc2 Qe5 18. Rd2 Rfe8 19. e3 Rad8 20. Rd4
Rd7 21. Qd2 Rc8 22. f4 Qf5 23. g4 Qc2 24. f5 Rdc7 25. fxe6 fxe6 26. e4 Qc5 27.
Qf2 Qe7 28. exd5 Rc2 29. d6 Qd7 30. Rd2 Rc1 31. Qd4 Rxf1+ 32. Bxf1 Rc1 33. Rd1
Rc2 34. Qe4 Rxa2 35. Bc4 1-0

[Event "Montcalm VI 2009-10"]
[Site "Quebec CAN"]
[Date "2010.03.25"]
[Round "1"]
[White "Bergeron, Marc"]
[Black "Marquis, Paul"]
[Result "0-1"]
[WhiteElo "2058"]
[BlackElo "1934"]
[PlyCount "62"]
[EventDate "2010.03.25"]
[EventType "tourn"]
[EventRounds "5"]
[EventCountry "CAN"]

1. e4 d6 2. d4 Nf6 3. Nc3 g6 4. h3 c6 5. Nf3 Bg7 6. Bd3 O-O 7. O-O Nbd7 8. Ne2
e5 9. dxe5 Nxe5 10. Nxe5 dxe5 11. Be3 Qe7 12. Qd2 b6 13. f3 Nh5 14. c3 f5 15.
g4 f4 16. Bf2 Nf6 17. Bc4+ Be6 18. Bxe6+ Qxe6 19. Rfd1 Rf7 20. b3 Rd7 21. Qc2
Rad8 22. c4 h5 23. Rxd7 Qxd7 24. Nc3 Qd3 25. Qd1 Rd7 26. Qe1 Qxf3 27. g5 Nh7
28. h4 Rd3 29. Rc1 Qg4+ 30. Kf1 f3 31. Bg3 Qh3+ 0-1

[Event "Montcalm VI 2009-10"]
[Site "Quebec CAN"]
[Date "2010.03.25"]
[Round "1"]
[White "Bourassa, Andre"]
[Black "Oliver, Vance"]
[Result "1-0"]
[WhiteElo "1754"]
[BlackElo "1487"]
[PlyCount "79"]
[EventDate "2010.03.25"]
[EventType "tourn"]
[EventRounds "5"]
[EventCountry "CAN"]

1. d4 d5 2. c4 c6 3. Nf3 Nf6 4. e3 e6 5. Nc3 Bd6 6. Qc2 Qc7 7. c5 Be7 8. Ne5
Nbd7 9. f4 Nxe5 10. fxe5 Ng4 11. Bd3 f5 12. O-O Bd7 13. b4 Bg5 14. Qe2 O-O-O
15. b5 Rdf8 16. h3 Nh6 17. bxc6 Bxc6 18. Bb5 Nf7 19. Rb1 Nxe5 20. dxe5 Kd7 21.
Bxc6+ bxc6 22. Bd2 Rb8 23. Qh5 Be7 24. Ne2 g6 25. Qf3 Bxc5 26. Bc3 Rxb1 27.
Rxb1 Rb8 28. Rc1 Ba3 29. Rc2 Qb7 30. Qf1 Qa6 31. Nd4 Qa4 32. Qf2 c5 33. Nb3 Qe4
34. Bb2 c4 35. Bxa3 cxb3 36. axb3 Rxb3 37. Bd6 Rb7 38. Qd2 a5 39. Qc3 Qa4 40.
Qc8# 1-0

[Event "Montcalm VI 2009-10"]
[Site "Quebec CAN"]
[Date "2010.03.25"]
[Round "1"]
[White "Champetier, Serge"]
[Black "Caron, Sebastien"]
[Result "0-1"]
[WhiteElo "1973"]
[BlackElo "1930"]
[PlyCount "56"]
[EventDate "2010.03.25"]
[EventType "tourn"]
[EventRounds "5"]
[EventCountry "CAN"]

1. e4 e6 2. d4 d5 3. Nc3 dxe4 4. Nxe4 Nf6 5. Nxf6+ Qxf6 6. Nf3 h6 7. Bb5+ Bd7
8. Qe2 Bd6 9. Ne5 Bxe5 10. dxe5 Qe7 11. O-O Qc5 12. Bd3 Bc6 13. Bd2 Nd7 14.
Rfe1 Nb6 15. c4 O-O-O 16. Rad1 Na4 17. Bc1 Rd7 18. Bc2 Rhd8 19. a3 Rxd1 20.
Rxd1 Rxd1+ 21. Bxd1 Qd4 22. Kf1 Be4 23. Ke1 Nc5 24. Be3 Nd3+ 25. Kf1 Qxb2 26.
f3 Bg6 27. f4 Qxa3 28. Qd2 Nb2 0-1

[Event "Montcalm VI 2009-10"]
[Site "Quebec CAN"]
[Date "2010.03.25"]
[Round "1"]
[White "Chiffot, Nicolas"]
[Black "Bonneau, Daniel"]
[Result "0-1"]
[WhiteElo "2113"]
[BlackElo "1975"]
[PlyCount "76"]
[EventDate "2010.03.25"]
[EventType "tourn"]
[EventRounds "5"]
[EventCountry "CAN"]

1. e4 e6 2. d4 d5 3. Nc3 Nf6 4. Bg5 dxe4 5. Nxe4 Be7 6. Bxf6 gxf6 7. Qd2 a6 8.
Nf3 h6 9. O-O-O b5 10. Bd3 Bb7 11. Rhe1 Bd5 12. Qf4 Nd7 13. Qg3 Kf8 14. Kb1 c6
15. Nc3 Nb6 16. Nd2 Nc4 17. Bxc4 bxc4 18. Ka1 a5 19. f4 Qc7 20. Qf2 f5 21. g4
a4 22. a3 Qa5 23. Re3 Rb8 24. gxf5 exf5 25. Qe2 Bd6 26. Nxc4 Bxc4 27. Qxc4 Qc7
28. d5 Qb6 29. Nxa4 Qxe3 30. dxc6 Qxf4 31. Qd3 Be5 32. Nc3 Qxh2 33. Qxf5 Qf4
34. Qd3 Rg8 35. Rf1 Qd4 36. Qf5 Rg7 37. c7 Bxc7 38. Nb5 Qe5 0-1

[Event "Montcalm VI 2009-10"]
[Site "Quebec CAN"]
[Date "2010.04.01"]
[Round "2"]
[White "Auger, Bertrand"]
[Black "Bluteau, Yvon"]
[Result "1-0"]
[WhiteElo "1885"]
[BlackElo "1867"]
[PlyCount "59"]
[EventDate "2010.03.25"]
[EventType "tourn"]
[EventRounds "5"]
[EventCountry "CAN"]

1. d4 Nf6 2. Nf3 b6 3. g3 Bb7 4. Bg2 g6 5. O-O Bg7 6. c4 O-O 7. Nc3 d6 8. d5
Nbd7 9. Nd4 Re8 10. Bh3 Nb8 11. e4 Bc8 12. Bg2 Bd7 13. h3 Qc8 14. Kh2 c5 15.
Nc2 Na6 16. f4 Rb8 17. e5 dxe5 18. fxe5 Nh5 19. Qe2 Qc7 20. Bf4 Nxf4 21. gxf4
g5 22. Qh5 Rf8 23. d6 exd6 24. Nd5 Qd8 25. exd6 Be6 26. Ne7+ Kh8 27. Be4 h6 28.
Rad1 gxf4 29. Rg1 f5 30. Rxg7 1-0

[Event "Montcalm VI 2009-10"]
[Site "Quebec CAN"]
[Date "2010.04.01"]
[Round "2"]
[White "Bergeron, Marc"]
[Black "Champetier, Serge"]
[Result "1/2-1/2"]
[WhiteElo "2058"]
[BlackElo "1973"]
[PlyCount "111"]
[EventDate "2010.03.25"]
[EventType "tourn"]
[EventRounds "5"]
[EventCountry "CAN"]

1. e4 d6 2. d4 Nf6 3. Nc3 g6 4. h3 Bg7 5. Nf3 O-O 6. Be3 a6 7. Qd2 b5 8. Bd3
Bb7 9. Bh6 b4 10. Bxg7 Kxg7 11. e5 bxc3 12. exf6+ exf6 13. Qxc3 Re8+ 14. Kd2
Bxf3 15. gxf3 d5 16. Rae1 Re6 17. Kc1 Qd6 18. Qd2 Nd7 19. h4 Rxe1+ 20. Qxe1 h5
21. Qe3 Nf8 22. f4 Ne6 23. f5 Nf4 24. fxg6 Nxd3+ 25. Qxd3 Qf4+ 26. Qd2 Qxd2+
27. Kxd2 fxg6 28. Rh3 Kf7 29. b4 Rb8 30. a3 Rb6 31. Rc3 c6 32. Rh3 a5 33. Kc3
axb4+ 34. axb4 Rb7 35. Kb3 Re7 36. c4 dxc4+ 37. Kxc4 Re2 38. Kc5 Rc2+ 39. Kd6
Rc4 40. Rd3 Rxb4 41. Kxc6 Ke7 42. Re3+ Kd8 43. d5 Rxh4 44. Ra3 Rc4+ 45. Kd6 h4
46. Ra7 Kc8 47. Rh7 Re4 48. Rh8+ Kb7 49. Rh6 Rg4 50. Kd7 f5 51. d6 Kb6 52. f3
Rf4 53. Rxg6 Rxf3 54. Ke7 Re3+ 55. Re6 Rd3 56. Rh6 1/2-1/2

[Event "Montcalm VI 2009-10"]
[Site "Quebec CAN"]
[Date "2010.04.01"]
[Round "2"]
[White "Bourassa, Andre"]
[Black "Bender, Karl"]
[Result "1-0"]
[WhiteElo "1754"]
[BlackElo "1526"]
[PlyCount "37"]
[EventDate "2010.03.25"]
[EventType "tourn"]
[EventRounds "5"]
[EventCountry "CAN"]

1. d4 d5 2. c4 c6 3. Nf3 Nf6 4. e3 Nbd7 5. Nc3 dxc4 6. Bxc4 Nb6 7. Bd3 g6 8.
Ne5 Bg7 9. O-O Nfd5 10. f4 O-O 11. a3 f6 12. Nxg6 hxg6 13. Bxg6 f5 14. Qh5 Rf6
15. Rf3 Rxg6 16. Qxg6 Qd6 17. Qe8+ Kh7 18. Rh3+ Bh6 19. Qf7+ 1-0

[Event "Montcalm VI 2009-10"]
[Site "Quebec CAN"]
[Date "2010.04.01"]
[Round "2"]
[White "Caron, Sebastien"]
[Black "Chiffot, Nicolas"]
[Result "0-1"]
[WhiteElo "1930"]
[BlackElo "2113"]
[PlyCount "138"]
[EventDate "2010.03.25"]
[EventType "tourn"]
[EventRounds "5"]
[EventCountry "CAN"]

1. d4 Nf6 2. c4 g6 3. Nc3 Bg7 4. e4 O-O 5. Be2 d6 6. Nf3 e5 7. d5 a5 8. O-O Na6
9. Ne1 Nd7 10. Be3 f5 11. f3 Ndc5 12. Nd3 b6 13. Nxc5 Nxc5 14. a3 Bd7 15. b4
axb4 16. axb4 Rxa1 17. Qxa1 Nb3 18. Qb2 Nd4 19. Bd3 Qh4 20. Qf2 Qxf2+ 21. Rxf2
f4 22. Bc1 Nb3 23. Bb2 Ra8 24. Rf1 Bf6 25. Rb1 g5 26. Be2 h5 27. Nd1 Nd4 28.
Bxd4 exd4 29. Nf2 Ra2 30. Kf1 Kf7 31. Nd3 Ba4 32. Rc1 Ra3 33. Ke1 g4 34. fxg4
hxg4 35. Nxf4 d3 36. Nxd3 Bg5 37. e5 Bxc1 38. exd6 cxd6 39. Nxc1 Bc2 40. Bxg4
Be4 41. Bf3 Bxf3 42. gxf3 Rc3 43. Kd2 Rxc4 44. Nd3 Rd4 45. Ke3 Rxd5 46. Ke4 Rh5
47. Nb2 Ke6 48. f4 b5 49. Nd3 Rxh2 50. f5+ Kd7 51. Nf4 Rh4 52. f6 Rh8 53. Nd5
Re8+ 54. Kf4 Re1 55. Nc3 Re5 56. f7 Ke7 57. Ne4 Kxf7 58. Nxd6+ Ke6 59. Ne4 Kd5
60. Nc3+ Kd4 61. Nd1 Re1 62. Nf2 Rf1 63. Kg3 Kc4 64. Ne4 Kxb4 65. Nd2 Rf8 66.
Ne4 Kc4 67. Nd6+ Kc5 68. Ne4+ Kd4 69. Ng5 Rg8 0-1

[Event "Montcalm VI 2009-10"]
[Site "Quebec CAN"]
[Date "2010.04.01"]
[Round "2"]
[White "Marquis, Paul"]
[Black "Bonneau, Daniel"]
[Result "1/2-1/2"]
[WhiteElo "1934"]
[BlackElo "1975"]
[PlyCount "111"]
[EventDate "2010.03.25"]
[EventType "tourn"]
[EventRounds "5"]
[EventCountry "CAN"]

1. e4 e6 2. d4 d5 3. Nd2 a6 4. a4 Nf6 5. e5 Nfd7 6. f4 c5 7. c3 Nc6 8. Ndf3
cxd4 9. cxd4 Qb6 10. Ne2 Be7 11. g3 O-O 12. Bh3 Kh8 13. O-O f5 14. Kh1 Rg8 15.
Ng5 Bxg5 16. fxg5 Nf8 17. b3 Bd7 18. Ba3 Qd8 19. Qd2 Na5 20. Rab1 b5 21. axb5
Bxb5 22. Rf2 Bxe2 23. Rxe2 Rb8 24. Qc3 Rb5 25. Bb4 Nd7 26. Ra2 Nc4 27. bxc4
dxc4 28. Rab2 Qxg5 29. Qxc4 Rgb8 30. Bd2 Qe7 31. Rxb5 axb5 32. Rxb5 Ra8 33. Ra5
Rb8 34. Qa2 Qe8 35. Ra6 Qh5 36. Bf1 Nf8 37. h3 Qd1 38. Kg1 Rb1 39. Qc4 Qxd2 40.
Ra2 Qe3+ 41. Kg2 Rb3 42. Qc8 Kg8 43. Qc2 Qxg3+ 44. Kh1 Rc3 45. Qb2 Qe1 46. Qg2
Rg3 47. Qf2 Rxh3+ 48. Kg2 Qxf2+ 49. Kxf2 Rc3 50. Rd2 Kf7 51. Bg2 Nd7 52. Re2
Nb6 53. Rb2 Nd5 54. Bxd5 exd5 55. Rb7+ Ke6 56. Rb6+ 1/2-1/2

[Event "Montcalm VI 2009-10"]
[Site "Quebec CAN"]
[Date "2010.04.08"]
[Round "3"]
[White "Bonneau, Daniel"]
[Black "Caron, Sebastien"]
[Result "0-1"]
[WhiteElo "1975"]
[BlackElo "1930"]
[PlyCount "58"]
[EventDate "2010.03.25"]
[EventType "tourn"]
[EventRounds "5"]
[EventCountry "CAN"]

1. d4 f5 2. e4 fxe4 3. Nc3 Nf6 4. Bg5 c6 5. f3 Qa5 6. Qd2 e5 7. Bxf6 gxf6 8.
fxe4 Bb4 9. Be2 O-O 10. Nf3 d5 11. O-O dxe4 12. Nxe5 Be6 13. Ng4 Nd7 14. a3
Bxc3 15. bxc3 Kh8 16. Nf2 f5 17. Nh3 Nf6 18. Nf4 Bd7 19. Qe3 Nd5 20. Qh3 Rg8
21. Nxd5 cxd5 22. Rf4 Rac8 23. c4 Qd2 24. Rh4 Qxd4+ 25. Kf1 Qxa1+ 26. Kf2 Qd4+
27. Kf1 Rg7 28. Qb3 Bc6 29. Qb4 dxc4 0-1

[Event "Montcalm VI 2009-10"]
[Site "Quebec CAN"]
[Date "2010.04.08"]
[Round "3"]
[White "Champetier, Serge"]
[Black "Marquis, Paul"]
[Result "1-0"]
[WhiteElo "1973"]
[BlackElo "1934"]
[PlyCount "66"]
[EventDate "2010.03.25"]
[EventType "tourn"]
[EventRounds "5"]
[EventCountry "CAN"]

1. e4 d6 2. d4 Nf6 3. Nc3 g6 4. Be2 Bg7 5. g4 d5 6. f3 dxe4 7. fxe4 e5 8. g5
Nfd7 9. d5 Nb6 10. Be3 h6 11. Qd2 hxg5 12. O-O-O g4 13. Kb1 c6 14. Qe1 Qh4 15.
Qxh4 Rxh4 16. dxc6 Nxc6 17. Nb5 Rb8 18. Nxa7 Nxa7 19. Bg5 Nc6 20. Bxh4 Bd7 21.
c3 Na5 22. h3 Bc6 23. Bd3 f5 24. Re1 Na4 25. hxg4 Nc5 26. Bc2 Nxe4 27. Rh2 g5
28. gxf5 Nxc3+ 29. bxc3 gxh4 30. Rxh4 Bf6 31. Rg4 Kf7 32. Be4 Bd7 33. Nf3 Nc4
1-0

[Event "Montcalm VI 2009-10"]
[Site "Quebec CAN"]
[Date "2010.04.08"]
[Round "3"]
[White "Chiffot, Nicolas"]
[Black "Bergeron, Marc"]
[Result "1-0"]
[WhiteElo "2113"]
[BlackElo "2058"]
[PlyCount "57"]
[EventDate "2010.03.25"]
[EventType "tourn"]
[EventRounds "5"]
[EventCountry "CAN"]

1. Nf3 Nc6 2. d4 d5 3. c4 Bf5 4. Nc3 e6 5. g3 Be7 6. Bg2 Nf6 7. Bf4 Ne4 8. O-O
O-O 9. cxd5 exd5 10. Qb3 Nxc3 11. bxc3 Na5 12. Qa4 c6 13. Nd2 b5 14. Qd1 g5 15.
Be3 Nc4 16. Nxc4 bxc4 17. Bd2 Qa5 18. Re1 Bf6 19. e4 Bxe4 20. Rxe4 dxe4 21.
Bxe4 Rae8 22. Bxc6 Re6 23. Qf3 Qb6 24. Bd5 Rd6 25. Bxc4 Bxd4 26. Bxg5 Bc5 27.
Be7 Rd2 28. Bxf8 Rxf2 29. Bxc5 1-0

[Event "Montcalm VI 2009-10"]
[Site "Quebec CAN"]
[Date "2010.04.08"]
[Round "3"]
[White "Dumont, Eric"]
[Black "Bourassa, Andre"]
[Result "1-0"]
[WhiteElo "1693"]
[BlackElo "1754"]
[PlyCount "107"]
[EventDate "2010.03.25"]
[EventType "tourn"]
[EventRounds "5"]
[EventCountry "CAN"]

1. d4 d5 2. Bf4 Nf6 3. e3 Nbd7 4. Nd2 e6 5. Bd3 c5 6. c3 c4 7. Bc2 b5 8. Ngf3
Qb6 9. O-O Bd6 10. Ne5 Qc7 11. Ndf3 Nh5 12. Nxf7 Nxf4 13. Nxh8 Nd3 14. Bxd3
cxd3 15. Qxd3 Nf6 16. Qxb5+ Ke7 17. Ne5 Bb7 18. Nhf7 a5 19. Qa4 Ba6 20. Rfe1
Rf8 21. Nxd6 Qxd6 22. Qxa5 Ne4 23. f3 Ng5 24. Qc5 Rf5 25. Qxd6+ Kxd6 26. h4 Nf7
27. Nxf7+ Rxf7 28. a4 Bc4 29. b4 Kc6 30. e4 Ra7 31. b5+ Kb6 32. exd5 Bxd5 33.
Rec1 Bc4 34. Kf2 Ka5 35. Ke3 Kb6 36. Kf4 Rf7+ 37. Ke3 Rc7 38. Ra3 Ra7 39. Raa1
Rf7 40. Rcb1 Rc7 41. a5+ Kb7 42. a6+ Kb6 43. a7 Rxa7 44. Rxa7 Kxa7 45. Rb4 Bd5
46. c4 Bb7 47. c5 Bd5 48. Kf4 h6 49. Ke5 Kb7 50. Kd6 Kc8 51. c6 g5 52. b6 gxh4
53. Rb5 h3 54. b7+ 1-0

[Event "Montcalm VI 2009-10"]
[Site "Quebec CAN"]
[Date "2010.04.08"]
[Round "3"]
[White "Sauve, Richard"]
[Black "Auger, Bertrand"]
[Result "1/2-1/2"]
[WhiteElo "1951"]
[BlackElo "1885"]
[PlyCount "50"]
[EventDate "2010.03.25"]
[EventType "tourn"]
[EventRounds "5"]
[EventCountry "CAN"]

1. d4 d5 2. c4 e6 3. Nc3 c5 4. cxd5 exd5 5. Nf3 Nc6 6. g3 Nf6 7. Bg2 Be7 8. O-O
O-O 9. Bg5 cxd4 10. Nxd4 h6 11. Bxf6 Bxf6 12. Nxc6 bxc6 13. Qa4 Qb6 14. Rac1
Qxb2 15. Qxc6 Bb7 16. Qb5 Qxb5 17. Nxb5 Rab8 18. Rfd1 d4 19. Nxd4 Bxg2 20. Kxg2
Rb2 21. e3 Rxa2 22. Ra1 Rxa1 23. Rxa1 Bxd4 24. exd4 Rd8 25. Rxa7 Rxd4 1/2-1/2

[Event "Montcalm VI 2009-10"]
[Site "Quebec CAN"]
[Date "2010.04.15"]
[Round "4"]
[White "Bergeron, Marc"]
[Black "Bonneau, Daniel"]
[Result "0-1"]
[WhiteElo "2058"]
[BlackElo "1975"]
[PlyCount "67"]
[EventDate "2010.03.25"]
[EventType "tourn"]
[EventRounds "5"]
[EventCountry "CAN"]

1. e4 e6 2. d4 d5 3. Nc3 Nf6 4. e5 Nfd7 5. f4 c5 6. Nf3 Nc6 7. Be3 cxd4 8. Nxd4
Bc5 9. Nxc6 bxc6 10. Bxc5 Nxc5 11. Qd4 Qe7 12. b4 Nd7 13. Rb1 O-O 14. Bd3 a5
15. b5 c5 16. Qe3 Nb6 17. Qh3 g6 18. O-O Bb7 19. Nd1 c4 20. Be2 d4 21. Nf2 f5
22. exf6 Qxf6 23. Ng4 Qe7 24. Ne5 Nd5 25. Bxc4 Nxf4 26. Qg4 Nxg2 27. Bxe6+ Kg7
28. Qxd4 Rad8 29. Qc3 Nf4 30. Ng4+ Rf6 31. Rxf4 Qxe6 32. Nxf6 Rc8 33. Re1 Qb6+
34. Qe3 0-1

[Event "Montcalm VI 2009-10"]
[Site "Quebec CAN"]
[Date "2010.04.15"]
[Round "4"]
[White "Bluteau, Yvon"]
[Black "Sauve, Richard"]
[Result "0-1"]
[WhiteElo "1867"]
[BlackElo "1951"]
[PlyCount "90"]
[EventDate "2010.03.25"]
[EventType "tourn"]
[EventRounds "5"]
[EventCountry "CAN"]

1. Nf3 f5 2. d4 Nf6 3. c4 g6 4. Nc3 Bg7 5. g3 O-O 6. Bg2 d6 7. O-O Nc6 8. Bf4
h6 9. d5 Na5 10. Nd2 c5 11. Qc2 g5 12. Be3 Ng4 13. Qd3 Ne5 14. Qc2 f4 15. gxf4
gxf4 16. Bxc5 dxc5 17. Nce4 Bf5 18. Rad1 Qe8 19. b3 Qg6 20. f3 Nf7 21. Kh1 Ng5
22. Qc1 b6 23. Nxg5 hxg5 24. Ne4 Bd4 25. Rd3 Kf7 26. Rxd4 cxd4 27. b4 Nb7 28.
c5 Rh8 29. Qc4 Qh6 30. Kg1 Qxh2+ 31. Kf2 Qh4+ 32. Kg1 Rag8 33. Qxd4 g4 34. Qe5
Qh2+ 35. Kf2 Bxe4 36. Qe6+ Ke8 37. Qc6+ Kf8 38. fxe4 Qg3+ 39. Kg1 Qe3+ 40. Rf2
Nd8 41. Qd7 g3 42. Qf5+ Ke8 43. Qxf4 gxf2+ 44. Qxf2 Rh1+ 45. Kxh1 Qxf2 0-1